| 000 | 00857cam a22002893a 4500 | ||
|---|---|---|---|
| 001 | 12561 | ||
| 003 | PGUSA | ||
| 005 | 20140828083254.0 | ||
| 008 | 040601s2004||||xxu|||||s|||||000 | eng d | ||
| 040 |
_aPGUSA _beng |
||
| 042 | _adc | ||
| 050 | 4 | _aDS | |
| 050 | 4 | _aDT | |
| 050 | 4 | _aDG | |
| 100 | 1 |
_aPfeiffer, Ida, _d1797-1858 |
|
| 245 | 1 | 2 |
_aA Visit to the Holy Land, Egypt, and Italy _h[electronic resource] / _cIda Pfeiffer |
| 260 |
_bProject Gutenberg, _c2004 |
||
| 506 | _aPublic domain in the USA. | ||
| 516 | _aElectronic text | ||
| 653 | _aItaly -- Description and travel | ||
| 653 | _aMiddle East -- Description and travel | ||
| 653 | _aEgypt -- Description and travel | ||
| 700 | 1 |
_aDulcken, H. W. _q(Henry William), _d1832-1894 |
|
| 830 | 0 |
_aProject Gutenberg _v12561 |
|
| 856 | 4 | 0 | _uhttp://www.gutenberg.org/ebooks/12561 |
| 942 | _cEB | ||
| 999 |
_c241816 _d241816 |
||